01069pab a2200157 454500008004000000100001900040245005100059260000900110300001400119362000800133520069600141650001600837700001800853700002000871773002000891180718b2002 xxu||||| |||| 00| 0 eng d aEngland, Paula aWages of virtue: the relative pay of care work c2002 ap.455-73. aNov aWe examine the relative pay of occupations involving care, such as teaching, counseling, providing health services, or supervising children. We use panel data from the National Longitudinal Survey of Youth covering workers between 17 and 35 years of age. Care work pays less than other occupations after controlling for the education and employment experience of the workers, many occupation and industry characteristics, and (via individual fixed effects) unmeasured, stable characteristics of those who hold the jobs. Both men and women in care work pay this relative wage penalty. However, more women than men pay the penalty, since more women than men do this kind of work. - Reproduced. aOccupations aFlobre, Nancy aBudig, Michelle aSocial Problems